| 000 | 00944nas a2200313 4500 | ||
|---|---|---|---|
| 001 | BR2014004329 | ||
| 003 | BR-BrBNA | ||
| 005 | 20231205124248.0 | ||
| 007 | ta | ||
| 008 | 230509b bl.|||p| |||| 00| 00por d | ||
| 040 |
_aBR-BrBNA _bpor _cBiblioteca Nacional de Agricultura |
||
| 041 | _a(Pt) | ||
| 072 | _aF08 | ||
| 100 | 1 | _aSoares, A.M. | |
| 100 | 1 | _aNegreiros, M.Z. de | |
| 100 | 1 | _aLopes, W. de A.R. | |
| 100 | 1 | _aDombroski, J.L.D. | |
| 100 | 1 | _aLucena, R.R.M. de | |
| 245 | 1 | _aCrescimento do tomateiro cultivado em solo coberto com polipropileno preto | |
| 650 | _aTOMATE | ||
| 650 | _aCRESCIMENTO | ||
| 650 | _aCOBERTURA DO SOLO | ||
| 650 | _aMATÉRIA SECA | ||
| 650 | _aSISTEMA DE CULTIVO | ||
| 650 | _aMÉTODO ESTATÍSTICO | ||
| 773 | 0 |
_tRevista Ciência Agronômica (Brazil) _xISSN 0045-6888 _g(Oct-Dec 2013), v.44(4) p. 790-797 _wBR2014004329 |
|
| 909 |
_a202311 _bLúcia _c55 _dLúcia Elande |
||
| 942 |
_2AGRIS _n0 _cANA |
||
| 999 |
_c238163 _d238163 |
||